| 000 | 00948nam a2200301#a 4500 | ||
|---|---|---|---|
| 001 | 01101 | ||
| 003 | HDC | ||
| 007 | ta | ||
| 008 | 230623s2008 xx 000 0 eng d | ||
| 020 | _a0851996388 (hbk.). | ||
| 040 | _aHDC | ||
| 050 |
_aref SB 359 _b.E56 2008 |
||
| 245 | 4 |
_aThe encyclopedia of fruit & nuts / _cedited by Jules Janick and Robert E. Paull. |
|
| 246 | _aEncyclopedia of fruit and nuts | ||
| 264 | _aCambridge, MA : | ||
| 264 |
_aWallingford, UK _bCABI North American Office, _cc2008. |
||
| 300 |
_a xviii,954p., 18p. of plates : _b ill. (some col.) ; _c 29cm. |
||
| 500 | _aIncludes bibliographical references and index. | ||
| 650 |
_aTropical fruit _xVarieties _vEncyclopedias. |
||
| 650 |
_aTropical nuts _xVarieties _vEncyclopedias. |
||
| 700 |
_aJanick, Jules, _d1931- |
||
| 700 | _aPaull, Robert E. | ||
| 700 | _aPaull, Robert E. | ||
| 942 | _2lcc | ||
| 942 | _cBK | ||
| 942 | _kref SB 359 | ||
| 942 | _m.E56 2008 | ||
| 999 |
_c24244 _d24244 |
||